Giáo trình lập trình C; T1

Kaydedildi:
Detaylı Bibliyografya
Yazar: Trần Đan Thư
Materyal Türü: Kitap
Dil:Undetermined
Baskı/Yayın Bilgisi: Tp. HCM ĐHQG 2001
Konular:
Etiketler: Etiketle
Etiket eklenmemiş, İlk siz ekleyin!
Thư viện lưu trữ: Trung tâm Học liệu Trường Đại học Cần Thơ
LEADER 00478nam a2200169Ia 4500
001 CTU_43696
008 210402s9999 xx 000 0 und d
082 |a 005.133 
082 |b Th550/T1 
100 |a Trần Đan Thư 
245 0 |a Giáo trình lập trình C; T1 
245 0 |c Trần Đan Thư 
260 |a Tp. HCM 
260 |b ĐHQG 
260 |c 2001 
650 |a programming ( electronic computers ) 
980 |a Trung tâm Học liệu Trường Đại học Cần Thơ